Statistics for 沢村賞投手

Click here to take the quiz!

General Stats

  • This quiz has been taken 199 times
  • The average score is 32 of 78

Answer Stats

年度受賞者所属% Correct
2022年山本由伸オリックス
100%
2021年山本由伸オリックス
100%
2013年田中将大楽天
98%
2011年田中将大楽天
98%
2018年菅野智之巨人
95%
2017年菅野智之巨人
95%
2020年大野雄大中日
91%
2010年前田健太広島
90%
2015年前田健太広島
90%
2007年ダルビッシュ有日本ハム
85%
2014年金子千尋オリックス
81%
2008年岩隈久志楽天
74%
2005年杉内俊哉ソフトバンク
70%
2006年斉藤和巳ソフトバンク
69%
斉藤和巳ダイエー
69%
2004年川上憲伸中日
68%
2016年ジョンソン広島
67%
2003年井川慶阪神
67%
2009年涌井秀章西武
67%
2001年松坂大輔西武
65%
1958年金田正一国鉄
64%
1957年金田正一国鉄
64%
1956年金田正一国鉄
64%
1999年上原浩治巨人
59%
2002年上原浩治巨人
59%
1987年桑田真澄巨人
55%
1989年斎藤雅樹巨人
55%
1995年斎藤雅樹巨人
55%
1996年斎藤雅樹巨人
55%
1994年山本昌広中日
48%
1982年北別府学広島
47%
1986年北別府学広島
47%
2012年攝津正ソフトバンク
44%
1997年西口文也西武
44%
1990年野茂英雄近鉄
41%
1988年大野豊広島
40%
1974年星野仙一中日
36%
1968年江夏豊阪神
35%
1966年村山実阪神
34%
1965年村山実阪神
34%
1959年村山実大阪
34%
堀内恒夫巨人
31%
1972年堀内恒夫巨人
31%
1991年佐々岡真司広島
30%
1961年権藤博中日
27%
1951年杉下茂名古屋
26%
1952年杉下茂名古屋
26%
1954年杉下茂中日
26%
1993年今中慎二中日
25%
1964年バッキー阪神
25%
1998年川崎憲次郎ヤクルト
25%
1970年平松政次大洋
24%
1975年外木場義郎広島
24%
1981年西本聖巨人
19%
1962年小山正明阪神
19%
1947年別所昭南海
18%
1977年小林繁巨人
18%
1979年小林繁阪神
18%
1983年遠藤一彦大洋
16%
1985年小松辰雄中日
16%
1978年松岡弘ヤクルト
15%
1949年藤本英雄巨人
14%
1992年石井丈裕西武
13%
1955年別所毅彦巨人
12%
1973年高橋一三巨人
9%
1969年高橋一三巨人
9%
1967年小川健太郎中日
6%
1953年大友工巨人
5%
1976年池谷公二郎広島
5%
1960年堀本律雄巨人
4%
1948年中尾碩志巨人
3%
1950年真田重男松竹
2%
2019年該当者なし
2%
2000年該当者なし
2%
1963年伊藤芳明巨人
2%
1980年該当者なし
2%
1984年該当者なし
2%
1971年該当者なし
2%

Score Distribution

Percentile by Number Answered

Percent of People with Each Score

Your Score History

You have not taken this quiz